<?xml version="1.0" encoding="UTF-8"?>
<collection xmlns="http://www.loc.gov/MARC21/slim">
 <record>
  <leader>05334nam a22006615i 4500</leader>
  <controlfield tag="001">978-981-10-2796-3</controlfield>
  <controlfield tag="003">DE-He213</controlfield>
  <controlfield tag="005">20210624083831.0</controlfield>
  <controlfield tag="007">cr nn 008mamaa</controlfield>
  <controlfield tag="008">161219s2016    si |    s    |||| 0|eng d</controlfield>
  <datafield tag="020" ind1=" " ind2=" ">
   <subfield code="a">9789811027963</subfield>
   <subfield code="9">978-981-10-2796-3</subfield>
  </datafield>
  <datafield tag="024" ind1="7" ind2=" ">
   <subfield code="a">10.1007/978-981-10-2796-3</subfield>
   <subfield code="2">doi</subfield>
  </datafield>
  <datafield tag="050" ind1=" " ind2="4">
   <subfield code="a">RA790.55</subfield>
  </datafield>
  <datafield tag="050" ind1=" " ind2="4">
   <subfield code="a">BF353</subfield>
  </datafield>
  <datafield tag="072" ind1=" " ind2="7">
   <subfield code="a">JMH</subfield>
   <subfield code="2">bicssc</subfield>
  </datafield>
  <datafield tag="072" ind1=" " ind2="7">
   <subfield code="a">PSY031000</subfield>
   <subfield code="2">bisacsh</subfield>
  </datafield>
  <datafield tag="072" ind1=" " ind2="7">
   <subfield code="a">JMH</subfield>
   <subfield code="2">thema</subfield>
  </datafield>
  <datafield tag="072" ind1=" " ind2="7">
   <subfield code="a">RNA</subfield>
   <subfield code="2">thema</subfield>
  </datafield>
  <datafield tag="082" ind1="0" ind2="4">
   <subfield code="a">155.9</subfield>
   <subfield code="2">23</subfield>
  </datafield>
  <datafield tag="245" ind1="1" ind2="0">
   <subfield code="a">Applied Psychology Readings</subfield>
   <subfield code="h">[electronic resource] :</subfield>
   <subfield code="b">Selected Papers from Singapore Conference on Applied Psychology, 2016 /</subfield>
   <subfield code="c">edited by Man-Tak Leung, Lee Ming Tan.</subfield>
  </datafield>
  <datafield tag="250" ind1=" " ind2=" ">
   <subfield code="a">1st ed. 2016.</subfield>
  </datafield>
  <datafield tag="264" ind1=" " ind2="1">
   <subfield code="a">Singapore :</subfield>
   <subfield code="b">Springer Singapore :</subfield>
   <subfield code="b">Imprint: Springer,</subfield>
   <subfield code="c">2016.</subfield>
  </datafield>
  <datafield tag="300" ind1=" " ind2=" ">
   <subfield code="a">XIV, 248 p. 39 illus.</subfield>
   <subfield code="b">online resource.</subfield>
  </datafield>
  <datafield tag="336" ind1=" " ind2=" ">
   <subfield code="a">text</subfield>
   <subfield code="b">txt</subfield>
   <subfield code="2">rdacontent</subfield>
  </datafield>
  <datafield tag="337" ind1=" " ind2=" ">
   <subfield code="a">computer</subfield>
   <subfield code="b">c</subfield>
   <subfield code="2">rdamedia</subfield>
  </datafield>
  <datafield tag="338" ind1=" " ind2=" ">
   <subfield code="a">online resource</subfield>
   <subfield code="b">cr</subfield>
   <subfield code="2">rdacarrier</subfield>
  </datafield>
  <datafield tag="347" ind1=" " ind2=" ">
   <subfield code="a">text file</subfield>
   <subfield code="b">PDF</subfield>
   <subfield code="2">rda</subfield>
  </datafield>
  <datafield tag="505" ind1="0" ind2=" ">
   <subfield code="a">Preface -- Editors -- SCAP Committee -- The phenomenology and ontology of the Oedipus Complex -- The behavioral related conditioned sound in cross modal Stroop task -- Mediamultitaskers and attentional bias towards emotional stimuli -- Cognitive deficits and depression among diabetic and non-diabetic patients with coronary heart disease -- Sex differences and emotion in wayfinding: Use a map or verbal direction (a pilot study) -- Moral emotions: An explorative study on elementary school teachers of Yogyakarta -- A structural equation model of WhatsApp’s addiction, emotion regulation, personality, academic performance decrement and social connection of WhatsApp’s attitude -- The relationship between personality traits, school climate, parental relationship, anxiety, depression, self-esteem and cyber-victimization -- Differences in participant motivation based on category of body mass index and gender -- Participant motivation predicting training sessions and training type in male and female athletes competing at 2010 Pan Pacific Masters Games -- The structural relationships between foreign language speaking anxiety, perceived English competence, English learning motivation, willingness to communicate, English learning engagement and motivational intensity in Hong Kong secondary students -- The structural model of perceived parenting style as antecedent on achievement emotion, self-regulated learning and academic procrastination of undergraduates in Hong Kong -- Pathways to bullying and victimisation- psychological perspectives -- Adult attachment internal working model of self and other, self-esteem and romantic relationship satisfaction in Chinese culture: By multilevel-multigroup structural equation modelling -- The psychometric properties of the Individual-Oriented Achievement Motivation Scale – Short Form (IOAMS – SF): By structural equation modelling (SEM) and item response theory (IRT). .</subfield>
  </datafield>
  <datafield tag="520" ind1=" " ind2=" ">
   <subfield code="a">This book features the best papers presented at the Singapore Conference on Applied Psychology in 2016. Chapters include research conducted by experts in the field of applied psychology from the Asia-Pacific region, and cover areas such as community and environmental psychology, psychotherapy and counseling, health, child and school psychology, and gender studies. Put together by East Asia Research (Singapore), in collaboration with Hong Kong Shue Yan University, this book serves as a valuable resource for readers wanting to access to the latest research in the field of applied psychology with a focus on Asia-Pacific.</subfield>
  </datafield>
  <datafield tag="650" ind1=" " ind2="0">
   <subfield code="a">Community psychology.</subfield>
  </datafield>
  <datafield tag="650" ind1=" " ind2="0">
   <subfield code="a">Environmental psychology.</subfield>
  </datafield>
  <datafield tag="650" ind1=" " ind2="0">
   <subfield code="a">Psychotherapy.</subfield>
  </datafield>
  <datafield tag="650" ind1=" " ind2="0">
   <subfield code="a">Counseling.</subfield>
  </datafield>
  <datafield tag="650" ind1=" " ind2="0">
   <subfield code="a">Health psychology.</subfield>
  </datafield>
  <datafield tag="650" ind1=" " ind2="0">
   <subfield code="a">Child psychology.</subfield>
  </datafield>
  <datafield tag="650" ind1=" " ind2="0">
   <subfield code="a">School psychology.</subfield>
  </datafield>
  <datafield tag="650" ind1=" " ind2="0">
   <subfield code="a">Sex (Psychology).</subfield>
  </datafield>
  <datafield tag="650" ind1=" " ind2="0">
   <subfield code="a">Gender expression.</subfield>
  </datafield>
  <datafield tag="650" ind1=" " ind2="0">
   <subfield code="a">Personality.</subfield>
  </datafield>
  <datafield tag="650" ind1=" " ind2="0">
   <subfield code="a">Social psychology.</subfield>
  </datafield>
  <datafield tag="650" ind1="1" ind2="4">
   <subfield code="a">Community and Environmental Psychology.</subfield>
   <subfield code="0">https://scigraph.springernature.com/ontologies/product-market-codes/Y20070</subfield>
  </datafield>
  <datafield tag="650" ind1="2" ind2="4">
   <subfield code="a">Psychotherapy and Counseling.</subfield>
   <subfield code="0">https://scigraph.springernature.com/ontologies/product-market-codes/Y12010</subfield>
  </datafield>
  <datafield tag="650" ind1="2" ind2="4">
   <subfield code="a">Health Psychology.</subfield>
   <subfield code="0">https://scigraph.springernature.com/ontologies/product-market-codes/Y12020</subfield>
  </datafield>
  <datafield tag="650" ind1="2" ind2="4">
   <subfield code="a">Child and School Psychology.</subfield>
   <subfield code="0">https://scigraph.springernature.com/ontologies/product-market-codes/Y12040</subfield>
  </datafield>
  <datafield tag="650" ind1="2" ind2="4">
   <subfield code="a">Gender Studies.</subfield>
   <subfield code="0">https://scigraph.springernature.com/ontologies/product-market-codes/Y20090</subfield>
  </datafield>
  <datafield tag="650" ind1="2" ind2="4">
   <subfield code="a">Personality and Social Psychology.</subfield>
   <subfield code="0">https://scigraph.springernature.com/ontologies/product-market-codes/Y20050</subfield>
  </datafield>
  <datafield tag="700" ind1="1" ind2=" ">
   <subfield code="a">Leung, Man-Tak.</subfield>
   <subfield code="e">editor.</subfield>
   <subfield code="4">edt</subfield>
   <subfield code="4">http://id.loc.gov/vocabulary/relators/edt</subfield>
  </datafield>
  <datafield tag="700" ind1="1" ind2=" ">
   <subfield code="a">Tan, Lee Ming.</subfield>
   <subfield code="e">editor.</subfield>
   <subfield code="4">edt</subfield>
   <subfield code="4">http://id.loc.gov/vocabulary/relators/edt</subfield>
  </datafield>
  <datafield tag="710" ind1="2" ind2=" ">
   <subfield code="a">SpringerLink (Online service)</subfield>
  </datafield>
  <datafield tag="773" ind1="0" ind2=" ">
   <subfield code="t">Springer Nature eBook</subfield>
  </datafield>
  <datafield tag="776" ind1="0" ind2="8">
   <subfield code="i">Printed edition:</subfield>
   <subfield code="z">9789811027956</subfield>
  </datafield>
  <datafield tag="776" ind1="0" ind2="8">
   <subfield code="i">Printed edition:</subfield>
   <subfield code="z">9789811027970</subfield>
  </datafield>
  <datafield tag="776" ind1="0" ind2="8">
   <subfield code="i">Printed edition:</subfield>
   <subfield code="z">9789811097072</subfield>
  </datafield>
  <datafield tag="856" ind1="4" ind2="0">
   <subfield code="u">https://doi.org/10.1007/978-981-10-2796-3</subfield>
  </datafield>
  <datafield tag="912" ind1=" " ind2=" ">
   <subfield code="a">ZDB-2-BSP</subfield>
  </datafield>
  <datafield tag="912" ind1=" " ind2=" ">
   <subfield code="a">ZDB-2-SXBP</subfield>
  </datafield>
  <datafield tag="950" ind1=" " ind2=" ">
   <subfield code="a">Behavioral Science and Psychology (SpringerNature-41168)</subfield>
  </datafield>
  <datafield tag="950" ind1=" " ind2=" ">
   <subfield code="a">Behavioral Science and Psychology (R0) (SpringerNature-43718)</subfield>
  </datafield>
 </record>
</collection>
